000 00589nam a22001932 4500
001 0000011742
005 20151217155846.0
008 090106s xx 000 0 eng d
040 _aKABU
_cKABU
110 2 _aJoint East and Central African Board.
_@0000167741
245 1 0 _aRelations in industry and commerce /
_cJ. E. & C. A. B.
250 _a1st ed.
260 _aLondon :
_bJ. E. & C. A. B.,
_c[?]
300 _a26 p.
651 0 _aAfrica, East
_xRace relations.
_@0000167742
852 1 _9p100 KES
908 _a090106
950 _@1
999 _c13370
_d13370